Загрузка...

Indian atlas of sugarcne

Библиографические подробности
Главный автор: Bhagyalakshmi, K.V
Другие авторы: Ramana, Rao.T.C, Thuljaram, Rao
Формат: Printed Book
Язык:Undetermined
English
Опубликовано: Coimbatore Sugarcane breedinginstitute 1979
Предметы:
LEADER 00674nam a2200205Ia 4500
008 140306s9999 xx 000 0 und d
041 |a eng 
082 |a 633. 61022  |b RAM 
100 |a Bhagyalakshmi, K.V 
245 |a Indian atlas of sugarcne 
260 |a Coimbatore  |b Sugarcane breedinginstitute  |c 1979 
300 |a 238 
650 |a Indian sugar industry  
650 |a sugarcane agriculture 
650 |a Sugarcane -Indian atlas 
700 |a Ramana, Rao.T.C 
700 |a Thuljaram, Rao 
942 |2 ddc  |c BK 
999 |c 73444  |d 73444 
952 |0 0  |1 0  |2 ddc  |4 0  |6 633__610220000000000_RAM  |7 0  |9 79872  |a KAUACV  |b KAUACV  |d 2008-09-09  |o 633. 61022 RAM  |p KAU_ACV-18065  |r 2014-03-22  |w 2014-03-22  |y BK